000 00298 a2200145 4500
001 168706
020 _a
040 _cMagnum
100 _aTorres, Gabriel
240 1 0 _aHardware -curso completo
_lpor
245 1 0 _aHardware -curso completo
362 0 _a1899
697 _aGERAL
942 _cBK
999 _c168706
_d168706